000 01155nac a22003377a 4500
001 BR8401195
003 BR-BrBNA
005 20240105115937.0
008 230509b bl.|||m| |||| 00| 0 por d
040 _aBR-BrBNA
_bpor
_cBiblioteca Nacional de Agricultura
072 _aF30
090 _a0120 BR8401195
100 1 _aSouza, F.R.S.
100 1 _aMota, M.G. da C.
100 1 _aBarriga, R.H.M.P.
100 1 _aOliveira, R.P. de
110 1 _aUnidade de Execucao de Pesquisa de Ambito Estadual de Altamira, PA (Brasil)
_910343
245 1 _aAvaliacao de cultivares de milho na Transamazonica-Para [Zea mays, Brasil]
246 1 _a[Evaluation of maize cultivars in Transamazonica-Para [Zea mays, Brazil]]
260 3 _aAltamira, PA (Brasil):
_c1983.
300 _a16 p.
490 _aCircular Tecnica - Unidade de Execucao de Pesquisa de Ambito Estadual de Altamira (Brazil)
_vno. 6
_x
650 _aMILHO
650 _aVARIEDADE
650 _aCOMPORTAMENTO DE VARIEDADE
650 _aVARIEDADE RESISTENTE
650 _aTRANSAMAZONICA
650 _aPARA
909 _a202312
_bLúcia Elande
_c55
_dLúcia Elande
942 _2AGRIS
_n0
_cMS
999 _c277193
_d277193